Blanche du l'ouble
Gespeichert in:
| 1. Verfasser: | |
|---|---|
| Format: | Buch |
| Sprache: | Undetermined |
| Veröffentlicht: |
París, Francia
Gallimard
1967
|
| Schlagworte: | |
| Tags: |
Tag hinzufügen
Keine Tags, Fügen Sie den ersten Tag hinzu!
|
MARC
| LEADER | 00000nam a2200000Ia 4500 | ||
|---|---|---|---|
| 008 | 170316s9999 xx 000 0 und d | ||
| 040 | |a cru BVZT | ||
| 090 | |a 840 A-6b | ||
| 100 | |a Aragón | ||
| 245 | |a Blanche du l'ouble | ||
| 260 | |a París, Francia | ||
| 260 | |b Gallimard | ||
| 260 | |c 1967 | ||
| 300 | |a 470 páginas | ||
| 650 | |a LITERATURA FRANCESA | ||
| 999 | |c 7482 |d 7482 | ||
| 942 | |c 15 D |h 840 A-6b |2 z | ||
